00656nam a2200205 a 450000100100000000500170001000800410002704000250006808200190009310000320011224500550014426000310019930000260023049000150025650000730027150000320034465100360037665100230041283000150043500002223520200930011637.0100920s1979 ck r 000 0 spa d aDO-SdBNPbspacBNPHU a320.986bM528s1 aMelo, Jorge orlando,d1942-10aSobre historia y política /cJorge Orlando Melo. aBogotá :bLealon,c1979. a274, [2] p. ;c18 cm.1 aLa Carreta aIncluye nota y referencias bibliográficas al pie de las páginas. aIncluye referencias: p. 274 4aColombiaxPolítica Y Gobierno 4aColombiaxHistoria 0aLa Carreta